Missing Lyrics - One Direction - You & I - Statistics

General Stats
  • This quiz has been taken 566 times
  • The average score is 12 of 19
Answer Stats
Fill in the missing lyrics % Correct
I figured it out, I figured it out from {black and white}
94%
I {know} how it goes, I {know} how it goes for wrong and right
94%
Did they ever hold each other {tight} like us?
84%
Did they ever {fight} like us?
83%
We can make it {till the end}
82%
You & I, {We don't want to be like them}
79%
No, {Nothing can come between}, You & I. Oooh You & I
76%
{Nothing can come between}, You & I
76%
{Silence} and sound
76%
I {see} what it's like, I {see} what it's like for day and night
65%
{Seconds and hours}, Maybe they had to take some time
64%
I figured it out, saw the {mistakes} of up and down
59%
{Meet} in the middle
59%
Cause they see things in a {different light} like us
52%
Cause {You & I}...
52%
There's always room for {common ground}
45%
{Never together}
42%
Not even the gods above {could separate} the two of us
25%
{They never tried} like us
23%
No matching quizzes found
Score Distribution
Percent of People with Each Score
Percentile by Number Answered
Your Score History
You have not taken this quiz